Sustainable construction (Record no. 105850)
[ view plain ]
| 000 -LEADER | |
|---|---|
| fixed length control field | 01415cam a2200241 4500 |
| 001 - CONTROL NUMBER | |
| control field | ##L134932 |
| 008 - FIXED-LENGTH DATA ELEMENTS--GENERAL INFORMATION | |
| fixed length control field | 060911n2006 000 0 eng u |
| 035 ## - SYSTEM CONTROL NUMBER | |
| System control number | (Sirsi) u134932 |
| 041 0# - LANGUAGE CODE | |
| Language code of text/sound track or separate title | eng |
| 050 04 - LIBRARY OF CONGRESS CALL NUMBER | |
| Classification number | 711.1 $2 18 |
| 100 1# - MAIN ENTRY--PERSONAL NAME | |
| Personal name | Burchell, Kevin |
| 245 00 - TITLE STATEMENT | |
| Title | Sustainable construction |
| Remainder of title | policy, planning and implementation |
| 260 ## - PUBLICATION, DISTRIBUTION, ETC. | |
| Place of publication, distribution, etc. | London |
| Name of publisher, distributor, etc. | LSE |
| Date of publication, distribution, etc. | 2006 |
| 300 ## - PHYSICAL DESCRIPTION | |
| Extent | 61p. |
| Dimensions | 30cm. |
| 505 0# - FORMATTED CONTENTS NOTE | |
| Formatted contents note | Sustainable construction: the problems and the opportunity -- The Mayor of London's initiatives on sustainable construction -- Local planning authorities and sustainable construction: discussing knowledge, using checklists -- Ecological footprinting and policy development: using the REAP tool -- The European perspective: best practice from Brussels? -- A view from the construction industry: time to reframe sustainable construction? -- Sustainable construction: when the going gets tough -- Sustainable construction: policy, planning and implementation, the UK view -- Promoting sustainable buildings: sustainable design and construction -- The way forward |
| 520 ## - SUMMARY, ETC. | |
| Summary, etc. | Report from a conference held at the London School of Economics, 15 July 2006 |
| 590 ## - LOCAL NOTE (RLIN) | |
| Local note | IKA031006 |
| 651 #4 - SUBJECT ADDED ENTRY--GEOGRAPHIC NAME | |
| Geographic name | United Kingdom |
| Chronological subdivision | |
| 690 ## - LOCAL SUBJECT ADDED ENTRY--TOPICAL TERM (OCLC, RLIN) | |
| Topical term or geographic name as entry element | BUILT ENVIRONMENT-SUSTAINABLE CONSTRUCTION |
| 700 1# - ADDED ENTRY--PERSONAL NAME | |
| Personal name | Rydin, Yvonne |
| 710 2# - ADDED ENTRY--CORPORATE NAME | |
| Corporate name or jurisdiction name as entry element | The London School of Economics |
| Subordinate unit | Centre for Environmental Policy and Governance |
| 942 ## - ADDED ENTRY ELEMENTS (KOHA) | |
| Suppress in OPAC | 0 |
| Withdrawn status | Lost status | Source of classification or shelving scheme | Damaged status | Not for loan | Home library | Current library | Shelving location | Date acquired | Total Checkouts | Full call number | Barcode | Date last seen | Copy number | Price effective from | Koha item type |
|---|---|---|---|---|---|---|---|---|---|---|---|---|---|---|---|
| Dewey Decimal Classification | London | London | Folio | 19/09/2006 | F711.1 BUR | 30073257 | 06/08/2019 | 1 | 06/08/2019 | Book |